MDQL
is popping MORE tags! Check the
thread
!
Quizzes
Events
Quiz Creation
Community
Videos
Private Events
Remove Ads
Sign In
Join for FREE
Feedback
Dark Mode
Quiz Categories
Sports
Geography
Music
Movies
Television
Just For Fun
Miscellaneous
History
Literature
Language
Science
Gaming
Entertainment
Religion
Holiday
For Kids
Quiz Lab
Recent
Popular Today
Quiz Kudos Today
Editor Picks
Curator Picks
Quizzes by...
Day
Popularity
Type
Ratings
Length
Year
Community
Subscriptions
Recent Discussions
Orange Saloon
Badges
Playlists
Quests
Create
Leaderboards
Showdown
Live 5
Trivia Bingo
Activity
Puzzle Library
Sporcle Events
Private Events
Virtual Trivia
Globe League
Become a Host
Pub Owners
SporcleCon
Opinionation
Our Games
Videos
Blog
Mobile Apps
Partnerships
Remove Ads and Go Orange
Feedback
Geography
Country
Landmarks
City
State
Population
World
Capital
Continent
Flags
Europe
Africa
Asia
South America
North America
Oceania
Border
Canada
United Kingdom
Topography
United States
Geography
Country
Landmarks
City
State
Population
World
Capital
Continent
Flags
Europe
Africa
Asia
South America
North America
Oceania
Border
Canada
United Kingdom
Topography
United States
Random Quiz
Search Sporcle
×
Quiz Lab
Quiz Lab
Geography
City
Type in answers that appear in a list
Type in answers that appear in a list
Classic
Best Score? Go Orange.
Cities in Arkansas by letter Stats
Can you name the most populous cities in Arkansas starting with each letter?
By
Robzle
16m
96 Questions
169 Plays
169 Plays
169 Plays
Comments
Comments
Give Quiz Kudos
Give Quiz Kudos
-
- Ratings
hide this ad
More Info
Replay
Link that replays current quiz
Next Quiz
Link to next quiz in quiz playlist
You Got
0%
They Got
Avg Score
37%
Avg Friend Score
Upgrade to see
Score Distribution
Jump to the score distribution portion of the page
Score
0/96
Timer
16:00
0
Plays Today
Letter
City
% Correct
L
Little Rock
94.1%
F
Fort Smith
85.2%
F
Fayetteville
83.4%
B
Benton
82.8%
B
Bentonville
81.1%
C
Cave Springs
80%
N
North Little Rock
78.7%
J
Jonesboro
76.3%
C
Conway
74.6%
P
Pine Bluff
73.4%
A
Arkadelphia
72.2%
H
Hot Springs
71%
R
Rogers
70.4%
S
Springdale
69.2%
T
Texarkana
68.6%
I
Imboden (town)
68%
Q
Quitman
68%
W
West Memphis
64.5%
U
Ulm (town)
64%
J
Jacksonville
58%
R
Russellville
53.3%
B
Bella Vista
52.7%
E
El Dorado
52.7%
H
Hope
52.1%
E
Elkins
52%
Z
Zinc (town)
52%
C
Cabot
51.5%
V
Van Buren
51.5%
B
Blytheville
49.1%
A
Austin
48%
S
Searcy
46.2%
G
Greenwood
46.2%
Letter
City
% Correct
P
Paragould
45.6%
M
Mountain Home
45.6%
B
Bryant
45%
O
Ozark
44.4%
T
Tontitown
44%
F
Forrest City
43.8%
S
Sherwood
43.2%
A
Alma
43.2%
H
Harrison
43.2%
C
Camden
42.6%
H
Helena-West Helena
41.4%
M
Malvern
41.4%
M
Marion
40.8%
B
Batesville
40.2%
C
Clarksville
39.6%
D
De Queen
39.6%
S
Siloam Springs
39.1%
M
Magnolia
39.1%
N
Newport
39.1%
M
Maumelle
38.5%
F
Farmington
38.5%
L
Lowell
36.7%
P
Pocahontas
35.5%
S
Stuttgart
35.5%
B
Beebe
34.3%
C
Centerton
34.3%
M
Monticello
34.3%
A
Ashdown
33.1%
N
Nashville
33.1%
O
Osceola
33.1%
G
Greenbrier
32%
M
Mena
31.4%
Letter
City
% Correct
W
Wynne
31.4%
B
Berryville
30.8%
J
Johnson
30.8%
H
Heber Springs
30.2%
W
Warren
30.2%
S
Sheridan
29.6%
W
Walnut Ridge
29%
D
Dumas
28.4%
D
Dardanelle
28.4%
P
Pea Ridge
27.8%
W
White Hall
27.8%
T
Trumann
27.2%
M
Morrilton
25.4%
Y
Yellville
24.9%
F
Fordyce
23.7%
K
Kensett
23.7%
L
Lonoke
22.5%
P
Prairie Grove
22.5%
B
Brookland
21.9%
W
Ward
20.7%
V
Vilonia
18.3%
G
Gentry
17.2%
C
Crossett
14.2%
C
Cherokee Village
14.2%
M
McGehee
14.2%
B
Barling
13%
H
Haskell
11.8%
S
Shannon Hills
9.5%
G
Gravette
8%
M
Manila
4%
P
Piggott
4%
S
Southside
4%
Quiz Playlist
Details
Report
Send in Message
Add To Playlist
More Info:
The city population as of April 1, 2020, as enumerated by the 2020 United States census. Incorporated towns are equally considered.
Classic:
Type in answers that appear in a list
Quiz Source
Last Updated: Oct 27, 2023
Quiz Scoreboard
CHALLENGE
Sign Up to Join the Scoreboard
Show All
Scores
Hide
Comments
May contain spoilers
Recently Published
Colored Red Africa Blitz
by spor1
Geography
30s
Find the 'City' Movie
by crazypaving
Movies
60s
5x2 Blitz: Bands
by SL_Kpop136
Music
30s
More to Explore
Quiz From the Vault
Featured Blog Post
14 Easter Pick-up Lines to Find Eggs With
hide this ad
You Might Also Like...
Tags
City Quiz
Letter Quiz
Population Quiz
United States Quiz
Arkansas
largest
Starting
US Cities
US City
Today's Top Quizzes in Geography
Browse Geography
hide this ad
Today's Top Quizzes in City
Browse City
Top Contributed Quizzes in Geography
1
Colored Red Europe Blitz I
2
Countries of the World - No Outlines Minefield
3
Colored Red Africa Blitz II
4
Colored Red Europe Blitz II
5
Colored Red Europe Blitz III
6
Colored Red Africa Blitz III
7
Colored Red States Blitz I
8
Colored Red States Blitz II
9
Lietuvos savivaldybės (Lithuanian Municipalities)
10
A Different View: World Oceans
Explore More
Trending Topics
Crossword
Anime
Marvel
NBA
Disney
Kpop
Harry Potter
Soccer
WWE
Country
Song
NFL
Puzzle
The Office
Pokémon
hide this ad
More By:
Robzle
Quiz
Plays
Rating
Category
Featured
Created
100k 'C' US Cities
11,906
4.66
Geography
Jun 2, 2017
100k 'A' US Cities
11,328
4.79
Geography
Jun 2, 2017
100k 'M' US Cities
8,575
4.67
Geography
Jun 3, 2017
100k 'B' US Cities
8,478
4.89
Geography
Jun 1, 2017
Quick Pick: Islands of the United Kingdom
8,439
4.65
Just For Fun
May 2, 2018
Go to Creator's Profile
Score Distribution
Quiz Creator Spotlight
Robzle
Follow
Send a Message
Quizzes Created
-
Created Quiz Play Count
-
More By This Creator
Popular Quizzes Today
1
Colored Red Africa Blitz
2
Find the 'City' Movie
3
5x2 Blitz: Bands
4
Find the US States - No Outlines Minefield
5
The Countries of the World
6
Find the US States
7
US States
8
Find the Countries of Europe - No Outlines Minefield
More Geography Quizzes
US States by Largest Non-Capital Cities
Published
Trending Quizzes
Colored Red Europe Blitz I
Colored Red Europe Blitz II
Colored Red Africa Blitz II
Colored Red Europe Blitz III
Colored Red Africa Blitz III
Recently Updated
How Do You Spell That?
pecheneg
Godzilla Movies
pecheneg
Grab Bag: 4-10 Letters
pecheneg
2024 March Madness Bracket
pecheneg
Famous TV Couples
Peacemaker
Champions League XIs: Real Madrid
pecheneg
Largest US Cities 1790-2010
pecheneg
Rides in Walt Disney World
pecheneg
Most Oscar Losses (Acting)
pecheneg
Beyoncé Albums
pecheneg
Trending Topics
NBA
Anime
Crossword
Harry Potter
Marvel
Disney
Kpop
The Office
WWE
Puzzle
Soccer
NFL
Song
Pokémon
Country
Your Account Isn't Verified!
In order to create a playlist on Sporcle, you need to verify the email address you used during registration. Go to your
Sporcle Settings
to finish the process.
Report this User
Report this user for behavior that violates our
Community Guidelines
.
Details:
Send Report
Go to the Sporcle.com Mobile Site →
Comments